000 01794cam a22004577a 4500
003 CHAP
005 20220329142821.0
008 040331s2003 mx ad r 00010 spa d
010 _a88212
011 _a89184
035 _a99735
040 _cCHAP
090 _aTesis
100 0 0 _aMoreno Romero, Daniel.
_978702
245 1 0 _aEvaluación de la reforestación en bacadillas con caoba (Swietenia macrophylla King.), y cedro rojo (Cedrela odorata L.) para el ejido Noh Bec, Quintana Roo
_c/por Daniel Moreno Romero
260 _aChapingo, Méx. :
_bEl autor,
_c2003
300 _a72 h. :
_bilus. ; gráfs. ; cuadros
502 _aTesis (Ing. Forestal) -- UACH. División de Ciencias Forestales
530 _aTambién disponible en línea
590 _aALEPH
_b10
_c20130110
_lUCH01
_h1456
590 _aBATCH-UPD
_b10
_c20130110
_lUCH01
_h0348
590 _aBATCH-UPD
_b10
_c20130110
_lUCH01
_h2039
590 _aBATCH-UPD
_b10
_c20130410
_lUCH01
_h0021
590 _aBATCH-UPD
_b10
_c20130914
_lUCH01
_h0834
590 _aBATCH-UPD
_b10
_c20140324
_lUCH01
_h1442
590 _aBATCH-UPD
_b10
_c20141002
_lUCH01
_h0820
590 _aCONVERSION
_b10
_c20130109
_lUCH01
_h1349
650 1 4 _aCaoba
_xCrecimiento.
_918562
650 1 4 _aCaoba
_xQuintana Roo.
_918566
650 1 4 _aCedro
_xCrecimiento.
_920861
650 1 4 _aCedro
_xQuintana Roo.
_920867
650 1 4 _aEjido Noh Bec, Quintana Roo.
_935950
650 1 4 _aPlantación de árboles.
_988782
650 1 4 _aReforestación
_xQuintana Roo.
_995505
856 _3Finding aid
_uhttp://10.13.5.2/tesis/99735.pdf
_zTeclea aqui
901 _aBK
905 _aMarco A. Mendoza T.
942 _cFOLL
949 _aTesis
_bBC
_cTES
_d33724000893574
_eTS2
_fc.2
_gDonaciØn
_h41629
_i99735
_si
949 _aTesis
_bBC
_cTES
_d997351
_eTS1
_gDonaciØn
_h41628
_i99735
_sb
999 _c88212
_d88212